000 00537nam a22001695i 4500
001 53752
003 ES-MaACL
005 20231224062921.0
007 t|
008 960705s1858 sp ||||1| spa d
100 1 _aFernández y González, Manuel,
_d1821-1888
_950183
245 1 0 _aHistoria de un hombre contada por su esqueleto /
_ccuento por Manuel Fernández y González.
260 _aMadrid :
_bImp. de Fernando Gaspar,
_c1858.
300 _a210 p. ;
_c23 cm.
852 _aES-MaACL
_jD-3409(2)
999 _c53752
_d53752